000 00658nam a2200205Ii 4500
003 JO-AjNU
008 230605s9999||||xx |||||||||||||| ||und||
017 _a1987/6/593
040 _aJO-AjNU
_bara
_erda
_cJO-AjNU
041 _aara
050 1 4 _aD16.8 .E4412 1987
100 3 _aتاليف الياد، مرشيا؛ خياطة، نهاد ترجمة,
_eauthor
_912964
245 0 0 _aاسطورة العود الابدي
264 3 1 _aدمشق: دار طلاس، 1987
300 _a279ص
336 _atext
_btxt
_2rdacontent
337 _aunmediated
_bn
_2rdamedia
338 _avolume
_bnc
_2rdacarrier
650 4 _aتاريخ--غلسفة--حضارة
_912965
999 _aA3103
_c6671
_d6671